000 00637nam a22001817a 4500
005 20230616130308.0
008 111011t mx ||||| |||| 00| 0 spa d
020 _a9702801109
050 0 4 _aHG5162
_bC37 2002
100 1 _aCasaña Esperón, Carlos
_eautor
245 1 0 _aInversiones en territorios con regímenes fiscales preferentes
_c / Carlos Casaña Esperón.
250 _a1a ed.
260 _aMéxico :
_bAcademia de Estudios Fiscales de la Contaduría Pública,
_c2002
300 _avii, 35 p. ;
_c23 cm.
490 0 _aColección Estudios físcales académicos
_vno. 11
650 7 _2lemb
_aFinanzas
_zMéxico
942 _2lcc
_cLIB
999 _c12930
_d12930